Строительство и архитектура. 1985, Вып.2: Нормирование и расчет естественного дымоудаления в бесфонарных производственных зданиях в случае пожара (Запись № 4573823)

Подробности
000 -МАРКЕР
контрольное поле 01404nam2a22002531 4500
001 - ИДЕНТИФИКАТОР ЗАПИСИ
контрольное поле RU\NLR\INFOCOMM7\5000017059
005 - ИДЕНТИФИКАТОР ВЕРСИИ
контрольное поле 20250617021653.0
035 ## - ДРУГИЕ СИСТЕМНЫЕ НОМЕРА
Идентификатор записи (NLR Aleph) 002371573
100 ## - ДАННЫЕ ОБЩЕЙ ОБРАБОТКИ
Данные общей обработки 20041202d1985 |||y0rusy50 ca
101 0# - ЯЗЫК РЕСУРСА
Язык текста, звукозаписи и т.д. русский
102 ## - СТРАНА ПУБЛИКАЦИИ ИЛИ ПРОИЗВОДСТВА
Страна публикации Российская Федерация
105 ## - ПОЛЕ КОДИРОВАННЫХ ДАННЫХ: ТЕКСТОВЫЕ МАТЕРИАЛЫ, МОНОГРАФИЧЕСКИЕ
Кодированные данные о монографическом текстовом документе y ||||000|y
200 1# - ЗАГЛАВИЕ И СВЕДЕНИЯ ОБ ОТВЕТСТВЕННОСТИ
Основное заглавие Нормирование и расчет естественного дымоудаления в бесфонарных производственных зданиях в случае пожара
Первые сведения об ответственности А.Н. Боксер и др.
210 ## - ПУБЛИКАЦИЯ, РАСПРОСТРАНЕНИЕ И ДР.
Дата издания, распространения и т.д. 1985
Место издания, распространения и т.д. Б. м.
461 #0 - УРОВЕНЬ НАБОРА
Встроенное поле 001RU\NLR\INFOCOMM7\5000016896
-- 2001#$aСтроительство и архитектура$eОбзор. информ.$hСерия 4$iПромышленные комплексы, здания и сооружения$fВНИИ информ. по стр-ву и архитектуре$v1985, Вып.2
Системный номер (АБИС) связанной записи 4572832
Место публикации М.
Дата публикации 1979-1990
Первые сведения об ответственности ВНИИ информ. по стр-ву и архитектуре
Номер части Серия 4
Заглавие части Промышленные комплексы, здания и сооружения
Сведения, относящиеся к заглавию Обзор. информ.
Заглавие Строительство и архитектура
ISSN 0201-9795
Номер тома 1985, Вып.2
700 #1 - ИМЯ ЛИЦА - ПЕРВИЧНАЯ ОТВЕТСТВЕННОСТЬ
Начальный элемент ввода Боксер
Часть имени, кроме начального элемента ввода А.Н.
Код отношения Автор
801 #1 - ИСТОЧНИК ЗАПИСИ
Страна Российская Федерация
Организация InfoComm
Дата составления 20041206
801 #0 - ИСТОЧНИК ЗАПИСИ
Страна Российская Федерация
Организация NLR
Правила каталогизации PSBO
852 ## - МЕСТОНАХОЖДЕНИЕ И ШИФР ХРАНЕНИЯ
Идентификатор организации NLR
Шифр хранения (Call Number) П10/5680
942 ## - ДОПОЛНИТЕЛЬНЫЕ ЭЛЕМЕНТЫ ЗАПИСИ (АБИС)
Тип экземпляра АБИС Выпуск
980 ## - КОЛЛЕКЦИЯ
Название коллекции Национальная библиография
980 ## - КОЛЛЕКЦИЯ
Название коллекции Русская периодика

Нет доступных экземпляров.